Countries in Multiple Timezones Quiz Stats

Quiz Updated Jun 11, 2018

Challenge
Share
Tweet
Embed
Score 0/22 Timer 05:00
7 Plays Today
Zones Country % Correct
9United States of America
99.4%
11Russia
98.8%
6Canada
94.5%
3Brazil
91.9%
8Australia
90.6%
12France
87.1%
8United Kingdom of Great Britain and Northern Ireland
87%
3Mexico
85.4%
2Spain
77.7%
3Indonesia
61%
2Portugal
60.7%
Zones Country % Correct
5Denmark
59.3%
2Norway
56.6%
2Mongolia
56.1%
4New Zealand
54.2%
2Netherlands
48.9%
2Chile
44.2%
2Kazakhstan
43.8%
2Democratic Republic of the Congo
27%
2Ecuador
23.5%
2Federated States of Micronesia
19.7%
3Kiribati
10.8%

You're not logged in!

Compare scores with friends on all Sporcle quizzes.
Join for Free
OR
Log In

You Might Also Like...

Show Comments

Extras

Top Quizzes Today


Score Distribution

Your Account Isn't Verified!

In order to create a playlist on Sporcle, you need to verify the email address you used during registration. Go to your Sporcle Settings to finish the process.

Report this User

Report this user for behavior that violates our Community Guidelines.

Details: